The Words of peace : (Record no. 622)

000 -LEADER
fixed length control field 01145nam a22003497a 4500
001 - CONTROL NUMBER
control field 2468390
003 - CONTROL NUMBER IDENTIFIER
control field OSt
005 - DATE AND TIME OF LATEST TRANSACTION
control field 20210421060142.0
008 - FIXED-LENGTH DATA ELEMENTS--GENERAL INFORMATION
fixed length control field 900315s1990 nyuc 001 0 eng
010 ## - LIBRARY OF CONGRESS CONTROL NUMBER
LC control number 90005851
020 ## - INTERNATIONAL STANDARD BOOK NUMBER
International Standard Book Number 1557040605 :
040 ## - CATALOGING SOURCE
Original cataloging agency eng
Transcribing agency DLC
Modifying agency eng
Language of cataloging eng
050 00 - LIBRARY OF CONGRESS CALL NUMBER
Classification number JX1963
Item number .W713 1990
080 ## - UNIVERSAL DECIMAL CLASSIFICATION NUMBER
Universal Decimal Classification number 94
Item number A-16
082 00 - DEWEY DECIMAL CLASSIFICATION NUMBER
Classification number 327.1/72
Edition number 20
245 04 - TITLE STATEMENT
Title The Words of peace :
Remainder of title selections from the speeches of the winners of the Nobel Peace Prize /
Statement of responsibility, etc. selected and edited by Irwin Abrams ; foreword by Jimmy Carter.
250 ## - EDITION STATEMENT
Edition statement 1st ed.
260 ## - PUBLICATION, DISTRIBUTION, ETC.
Place of publication, distribution, etc. New York :
Name of publisher, distributor, etc. Newmarket Press,
Date of publication, distribution, etc. c1990.
300 ## - PHYSICAL DESCRIPTION
Extent 139 p. :
Other physical details ports ;
Dimensions 22 cm.
365 ## - TRADE PRICE
Price amount 14.95 usd
500 ## - GENERAL NOTE
General note Includes index.
650 #0 - SUBJECT ADDED ENTRY--TOPICAL TERM
Topical term or geographic name entry element Peace.
650 #0 - SUBJECT ADDED ENTRY--TOPICAL TERM
Topical term or geographic name entry element History
9 (RLIN) 252
650 #0 - SUBJECT ADDED ENTRY--TOPICAL TERM
Topical term or geographic name entry element Peace
General subdivision Awards.
650 #0 - SUBJECT ADDED ENTRY--TOPICAL TERM
Topical term or geographic name entry element Nobel Prizes.
650 #0 - SUBJECT ADDED ENTRY--TOPICAL TERM
Topical term or geographic name entry element Nobel Prize winners.
653 ## - INDEX TERM--UNCONTROLLED
Uncontrolled term ისტორია
653 ## - INDEX TERM--UNCONTROLLED
Uncontrolled term ნობელის პრემიის გამარჯვებულთა მიმართვები
700 1# - ADDED ENTRY--PERSONAL NAME
Personal name Abrams, Irwin,
Dates associated with a name 1914-2010.
906 ## - LOCAL DATA ELEMENT F, LDF (RLIN)
a 7
b cbc
c orignew
d 1
e ocip
f 19
g y-gencatlg
942 ## - ADDED ENTRY ELEMENTS (KOHA)
Source of classification or shelving scheme
Koha item type Books
Holdings
Withdrawn status Lost status Source of classification or shelving scheme Damaged status Not for loan Permanent location Current location Date acquired Inventory number Total Checkouts Full call number Barcode Date last seen Price effective from Koha item type
          Ken Walker International University Ken Walker International University 12/14/2020 799   94 A-16 799 12/14/2020 12/14/2020 Books

Powered by Koha